MEDIA KI BADALI BHASHA (Record no. 5306)

MARC details
000 -LEADER
fixed length control field 00379nam a22001577a 4500
005 - DATE AND TIME OF LATEST TRANSACTION
control field 20161022160858.0
008 - FIXED-LENGTH DATA ELEMENTS--GENERAL INFORMATION
fixed length control field 161022b xxu||||| |||| 00| 0 eng d
020 ## - INTERNATIONAL STANDARD BOOK NUMBER
ISBN 978-81-8031-707-1
041 ## - LANGUAGE CODE
Language code of text/sound track or separate title eng
100 ## - MAIN ENTRY--AUTHOR NAME
Personal name SINGH,KUMAR DR.AJAY
245 ## - TITLE STATEMENT
Title MEDIA KI BADALI BHASHA
260 ## - PUBLICATION, DISTRIBUTION, ETC. (IMPRINT)
Name of publisher LOK BHARTI
300 ## - PHYSICAL DESCRIPTION
Number of Pages 221
650 ## - SUBJECT ADDED ENTRY--TOPICAL TERM
Topical Term MASS COM @JOURNALISM
942 ## - ADDED ENTRY ELEMENTS (KOHA)
Koha item type Books
Holdings
Lost status Damaged status Home library Current library Shelving location Date acquired Source of acquisition Cost, normal purchase price Full call number Accession Number Koha item type
    JRU Library   SHELF-6-D 22/10/2016 Purchase 450.00 302.23 21424 Books
    JRU Library   SHELF-31-G 22/10/2016 Purchase 450.00   21425 Books
    JRU Library JRU Library SHELF-32-H 22/10/2016 Purchase 450.00 302.23 21426 Books